000 00740nam a2200253Ia 4500
003 OSt
005 20220928121410.0
006 a|||||r|||| 00| 0
007 ta
008 220927b |||||||| |||| 00| 0 hin d
024 _a126796
037 _bGift, 28/05/2015,
_cTextual
040 _aSDCL
_cSDCL
_bhin
041 _2hin
_ahin
082 _aQ22:222, Q5
100 _aTater Sohan Raj
245 0 _aJambheshwar bhagwan ke srishti ko avdaan
260 _aJaipur
_bSahityagar
_c2015
300 _axii;229p
_ccm.
650 _aGift
_9391569
700 _a Sharma Rajendra Prasad
_9451922
942 _hQ22:222, Q5
_cTEXL
_2CC
999 _c765918
_d765918